<?xml version="1.0" encoding="UTF-8"?>
<record
    xmlns:xsi="http://www.w3.org/2001/XMLSchema-instance"
    xsi:schemaLocation="http://www.loc.gov/MARC21/slim http://www.loc.gov/standards/marcxml/schema/MARC21slim.xsd"
    xmlns="http://www.loc.gov/MARC21/slim">

  <leader>01071na  a2200313   4500</leader>
  <controlfield tag="001">16894</controlfield>
  <controlfield tag="003">MIRAKIL</controlfield>
  <controlfield tag="005">20181213155233.0</controlfield>
  <controlfield tag="008">161020b        tu            000 0      </controlfield>
  <datafield tag="035" ind1=" " ind2=" ">
    <subfield code="a">16894</subfield>
  </datafield>
  <datafield tag="040" ind1=" " ind2=" ">
    <subfield code="a">Milas</subfield>
    <subfield code="b">tur</subfield>
    <subfield code="c">TR-AnCHP</subfield>
  </datafield>
  <datafield tag="041" ind1=" " ind2=" ">
    <subfield code="a">tur</subfield>
  </datafield>
  <datafield tag="082" ind1=" " ind2=" ">
    <subfield code="a">340.561</subfield>
    <subfield code="b">H84h 2005</subfield>
  </datafield>
  <datafield tag="090" ind1=" " ind2=" ">
    <subfield code="a">340.561 H84h 2005</subfield>
  </datafield>
  <datafield tag="110" ind1=" " ind2=" ">
    <subfield code="a">Hukuk&#xE7;ular Derne&#x11F;i</subfield>
  </datafield>
  <datafield tag="245" ind1=" " ind2=" ">
    <subfield code="a">Hukuk d&#xFC;nyas&#x131;</subfield>
    <subfield code="b">Nisan-May&#x131;s-Haziran 2005</subfield>
    <subfield code="c">Hukuk&#xE7;ular Derne&#x11F;i ; edit&#xF6;r Cahit &#xD6;zkan</subfield>
  </datafield>
  <datafield tag="260" ind1=" " ind2=" ">
    <subfield code="a">&#x130;stanbul</subfield>
    <subfield code="b">Hukuk&#xE7;ular Derne&#x11F;i</subfield>
    <subfield code="c">2005</subfield>
  </datafield>
  <datafield tag="300" ind1=" " ind2=" ">
    <subfield code="a">255 s.</subfield>
    <subfield code="c">23 sm.</subfield>
  </datafield>
  <datafield tag="310" ind1=" " ind2=" ">
    <subfield code="a">3 Ayl&#x131;k</subfield>
    <subfield code="b">Nisan-May&#x131;s-Haziran 2005</subfield>
  </datafield>
  <datafield tag="362" ind1=" " ind2=" ">
    <subfield code="a">Y&#x131;l 15, D&#xF6;nem 2</subfield>
  </datafield>
  <datafield tag="500" ind1=" " ind2=" ">
    <subfield code="a">Hukuk&#xE7;ular Derne&#x11F;i yay&#x131;n organ&#x131;d&#x131;r.</subfield>
  </datafield>
  <datafield tag="650" ind1=" " ind2=" ">
    <subfield code="a">Ticaret hukuku</subfield>
    <subfield code="y">S&#xFC;reli yay&#x131;nlar</subfield>
    <subfield code="z">T&#xFC;rkiye</subfield>
  </datafield>
  <datafield tag="650" ind1=" " ind2=" ">
    <subfield code="a">M&#xFC;lteci hukuku</subfield>
    <subfield code="y">S&#xFC;reli yay&#x131;nlar</subfield>
    <subfield code="z">T&#xFC;rkiye</subfield>
  </datafield>
  <datafield tag="650" ind1=" " ind2=" ">
    <subfield code="a">Ceza hukuku</subfield>
    <subfield code="x">T&#xFC;rk Ceza Kanunu (TCK)</subfield>
    <subfield code="y">S&#xFC;reli yay&#x131;nlar</subfield>
  </datafield>
  <datafield tag="650" ind1=" " ind2=" ">
    <subfield code="a">Uluslararas&#x131; hukuk</subfield>
    <subfield code="x">Avrupa Birli&#x11F;i</subfield>
    <subfield code="y">S&#xFC;reli yay&#x131;nlar</subfield>
    <subfield code="z">T&#xFC;rkiye</subfield>
  </datafield>
  <datafield tag="650" ind1=" " ind2=" ">
    <subfield code="a">Hukuk</subfield>
    <subfield code="y">S&#xFC;reli yay&#x131;nlar</subfield>
    <subfield code="z">T&#xFC;rkiye</subfield>
  </datafield>
  <datafield tag="700" ind1=" " ind2=" ">
    <subfield code="a">&#xD6;zkan, Cahit</subfield>
  </datafield>
  <datafield tag="942" ind1=" " ind2=" ">
    <subfield code="2">ddc</subfield>
    <subfield code="c">BKS</subfield>
  </datafield>
  <datafield tag="952" ind1=" " ind2=" ">
    <subfield code="a">0001</subfield>
    <subfield code="b">0001</subfield>
    <subfield code="d">2016-10-17</subfield>
    <subfield code="e">2</subfield>
    <subfield code="l">0</subfield>
    <subfield code="o">340.561 H84h 2005</subfield>
    <subfield code="p">005387</subfield>
    <subfield code="r">2016-10-17 00:00:00</subfield>
    <subfield code="v">0.00</subfield>
    <subfield code="w">2016-10-17</subfield>
    <subfield code="y">BKS</subfield>
  </datafield>
  <datafield tag="999" ind1=" " ind2=" ">
    <subfield code="c">9042</subfield>
    <subfield code="d">9042</subfield>
  </datafield>
</record>
